| 000 | 00445nam a2200181Ia 4500 | ||
|---|---|---|---|
| 008 | 220531s9999 xx 000 0 und d | ||
| 041 | _aeng | ||
| 082 | _bBHE / KAN | ||
| 100 |
_aBhende, A. A. / Kanitkar, T. _931269 |
||
| 245 | _aPrinciples Of Population Studies | ||
| 250 | _a1ST | ||
| 260 |
_bHimalaya _c1991 |
||
| 300 | _a506 | ||
| 542 | _d31-03-1991 | ||
| 650 |
_aGeography _931270 |
||
| 906 |
_d1990-1991 _f2299 |
||
| 999 |
_c19603 _d19603 |
||